[Event "19th Czech Chladek & Tintera A Open"]
[Site "Pardubice CZE"]
[Date "2008.07.20"]
[Round "3"]
[White "Husari,Sa"]
[Black "Svoboda,V2"]
[Result "1/2-1/2"]
[WhiteElo "2362"]
[BlackElo "2254"]

1.d4 Nf6 2.c4 e6 3.Nf3 c5 4.d5 exd5 5.cxd5 d6 6.Nc3 g6 7.e4 Bg7 8.h3 O-O
9.Bd3 b6 10.O-O Ba6 11.Re1 Bxd3 12.Qxd3 a6 13.a4 Nbd7 14.Bf4 Qc7 15.Rad1 Rfe8
16.Bh2 c4 17.Qc2 Qc5 18.e5 dxe5 19.Nxe5 Nxe5 20.Bxe5 b5 21.Bxf6 Rxe1+ 22.Rxe1 Bxf6
23.Ne4 Qd4 24.Nxf6+ Qxf6 25.Rd1 Rd8 26.axb5 axb5 27.Qd2 Qd6 28.Qd4 h5  1/2-1/2

[Event "XXVI Andorra Open"]
[Site "La Massana AND"]
[Date "2008.07.21"]
[Round "3"]
[White "Narciso Dublan,M"]
[Black "Ringoir,T"]
[Result "1-0"]
[WhiteElo "2525"]
[BlackElo "2321"]

1.d4 Nf6 2.c4 c5 3.d5 e6 4.Nc3 exd5 5.cxd5 d6 6.Nf3 g6 7.Nd2 Nbd7 8.e4 Bg7
9.Be2 O-O 10.O-O a6 11.a4 Rb8 12.Nc4 Nb6 13.Na3 Bd7 14.Bf4 Qe7 15.Re1 Rfe8
16.Bf3 Nxa4 17.Nxa4 Bxa4 18.Qxa4 Nxd5 19.Bxd6 Qxd6 20.exd5 b5 21.Qc2 c4 22.Reb1 Rbc8
23.Qd1 c3 24.b3 c2 25.Nxc2 Bxa1 26.Rxa1 Rc3 27.Nd4 Qc5 28.h3 a5 29.Nc6 Rc2
30.Qd4 Qd6 31.Nxa5 Ra8 32.Re1 Qd7 33.Qe4 Rcc8 34.Nc6 Re8 35.Ne7+ Kg7 36.Qd4+ f6
37.Re6 Rf8 38.g4 Rae8 39.g5  1-0

[Event "XIII Open"]
[Site "Balaguer ESP"]
[Date "2008.07.23"]
[Round "10"]
[White "Trepat Herranz,J"]
[Black "Kovacevic,Sl"]
[Result "1-0"]
[WhiteElo "2220"]
[BlackElo "2417"]

1.d4 Nf6 2.c4 e6 3.Nf3 c5 4.d5 exd5 5.cxd5 d6 6.Nc3 g6 7.Nd2 Nbd7 8.e4 Bg7
9.Be2 O-O 10.O-O Re8 11.a4 Ne5 12.Qc2 g5 13.Re1 g4 14.Nf1 Nh5 15.Ra3 a6 16.Nd1 Qf6
17.Nde3 Bh6 18.Nc4 Bxc1 19.Qxc1 Nf4 20.Ng3 Nxc4 21.Bxc4 Bd7 22.Rb3 b5 23.Bf1 b4
24.Rbe3 Re5 25.b3 a5 26.Ne2 Ng6 27.Qc2 Rh5 28.Nc1 Ne5 29.Be2 Rh6 30.Nd3 Ng6
31.Qc4 Qh4 32.h3 gxh3 33.g3 h2+ 34.Kh1 Qf6 35.Bf1 Ne5 36.Nxe5 dxe5 37.f3 Qd6
38.R3e2 Ra7 39.Rxh2 Rc7 40.Qc1 Rg6 41.g4 Qf6 42.Qe3 Bc8 43.Rc1 Bd7 44.Be2 Qe7
45.Rh5 Be8 46.Kg2 f6 47.Bc4 Qd6 48.Rch1 Rgg7 49.Rh6 Bg6 50.Kf2 Kf8 51.Ke1 Ke8
52.Kd2 Kd8 53.Kc1 Kc8 54.Kb2 Kb7 55.R6h2 Be8 56.Rc2 Kb6 57.Be2 Rg5 58.Rh6 Rg6
59.Rh1 Rg5 60.Rh6 Rg6 61.Rh1 Rgg7 62.Bc4 Rg5 63.Rh6 Rg6 64.Rch2 Rxh6 65.Rxh6 Bg6
66.Bb5 Kb7 67.Bc4 Kb6 68.Bb5 Rc8 69.Qe2 Rc7 70.Bc4 Kb7 71.Bb5 Kb6 72.Rh1 Kb7
73.Bc6+ Rxc6 74.dxc6+ Qxc6 75.Qc4 Kc7 76.Rd1 Be8 77.Qg8 c4 78.Qxc4 Qxc4 79.bxc4 h5
80.gxh5 Bxh5 81.Rd3 Bf7 82.c5 Be8 83.Kb3 Bf7+ 84.Kb2 Be8 85.Rd6 Bxa4 86.Rxf6 Bd1
87.f4 a4 88.fxe5 a3+ 89.Ka2 Bc2 90.Rb6 Bxe4 91.Rxb4 Bd5+ 92.Kxa3 Kc6 93.Kb2 Kxc5
94.Kc3 Kc6 95.Kd4 Be6 96.Rb2 Bf7 97.Rf2 Be6 98.Rf6 Kd7 99.Kc5 Ke7 100.Kc6 Bb3
101.Rd6 Ba4+ 102.Kc5 Bb3 103.Rb6 Ba2 104.Rb2 Bg8 105.Rb7+ Ke6 106.Rg7 Bf7
107.Rxf7 Kxf7 108.Kd6 Ke8 109.Ke6 Kd8 110.Kf7  1-0

[Event "19th Czech Chladek & Tintera A Open"]
[Site "Pardubice CZE"]
[Date "2008.07.23"]
[Round "6"]
[White "Daskevics,Va"]
[Black "Nabaty,T"]
[Result "0-1"]
[WhiteElo "2332"]
[BlackElo "2431"]

1.d4 Nf6 2.c4 c5 3.d5 e6 4.Nc3 exd5 5.cxd5 d6 6.Nf3 g6 7.Bf4 a6 8.e4 b5 9.Qe2 Be7
10.e5 dxe5 11.Bxe5 Nbd7 12.O-O-O Nxe5 13.Nxe5 Qd6 14.g3 O-O 15.Bg2 c4 16.Rhe1 Bd8
17.Nc6 Bf5 18.Qe5 Ne8 19.Ne7+ Bxe7 20.Qxe7 Rc8 21.Qxd6 Nxd6 22.Ne2 Bg4 23.f3 Bd7
24.Nd4 Rfe8 25.f4 Kf8 26.Bf3 Nb7 27.Kd2 Nc5 28.Rxe8+ Rxe8 29.b3 cxb3 30.axb3 Ke7
31.b4 Na4 32.Rc1 Kd6 33.Nb3 Rc8 34.Rxc8 Bxc8 35.Kd3 Bb7 36.Kd4 Nb6 37.Nc5 Bxd5
38.Bxd5 Nxd5 39.Nxa6 Ne7 40.Ke4 Nc6 41.g4 Ne7 42.f5 gxf5+ 43.gxf5 Nc6 44.Kf4 h6
45.Ke4 h5 46.Kf4 Ne5 47.Ke4 Nd7 48.Kd4 Kc6 49.h3 Kb6 50.Kd5 Kxa6 51.Kd6 Nf6
52.Ke7 Nd5+ 53.Kxf7 Nxb4 54.Ke6 Nc6 55.f6 Kb6 56.Kd6 Nd8 57.Kd7 Nf7 58.Ke7 Nh6
59.Kf8 b4 60.Kg7 Nf5+  0-1

[Event "Politiken Cup"]
[Site "Helsingor DEN"]
[Date "2008.07.26"]
[Round "9"]
[White "Hvenekilde,J"]
[Black "Ramme,C"]
[Result "1/2-1/2"]
[WhiteElo "2179"]
[BlackElo "2041"]

1.d4 Nf6 2.c4 e6 3.Nf3 c5 4.d5 exd5 5.cxd5 d6 6.Nc3 g6 7.Bf4 a6 8.a4 Nbd7
9.Qd2 Qe7 10.h3 Bg7 11.Bh6 O-O 12.Bxg7 Kxg7 13.e3 Ne5 14.Be2 Nxf3+ 15.Bxf3 Nd7
16.a5  1/2-1/2

[Event "1st Open"]
[Site "Paleochora GRE"]
[Date "2008.07.26"]
[Round "7"]
[White "Vuilleumier,A"]
[Black "Satyapragyan,S"]
[Result "1-0"]
[WhiteElo "2293"]
[BlackElo "2414"]

1.d4 Nf6 2.c4 e6 3.Nf3 c5 4.d5 exd5 5.cxd5 d6 6.Nc3 g6 7.h3 a6 8.a4 Qe7 9.g3 Bg7
10.Bg2 O-O 11.O-O Nbd7 12.Re1 Rb8 13.a5 b5 14.axb6 Rxb6 15.Nd2 Rb4 16.Nb3 Ne5
17.Na5 Rd4 18.Qb3 Rb4 19.Qc2 Bf5 20.e4 Bd7 21.Bd2 Nh5 22.Nd1 Rbb8 23.Bc3 Bb5
24.Re3 g5 25.Bxe5 Bxe5 26.Nc6 Bxc6 27.dxc6 Rb6 28.Qe2 Ng7 29.Rxa6 Rfb8 30.Rea3 Ne6
31.Rxb6 Rxb6 32.Ra8+ Nf8 33.Ne3 Rxc6 34.Qb5 Qd7 35.Nf5  1-0

[Event "19th Czech Chladek & Tintera A Open"]
[Site "Pardubice CZE"]
[Date "2008.07.26"]
[Round "9"]
[White "Dziuba,M"]
[Black "Dobrowolski,P"]
[Result "0-1"]
[WhiteElo "2570"]
[BlackElo "2426"]

1.d4 Nf6 2.c4 e6 3.Nf3 c5 4.d5 exd5 5.cxd5 d6 6.Nc3 g6 7.Bf4 a6 8.e4 b5 9.Qe2 Nh5
10.Bg5 Be7 11.Bh6 b4 12.Nd1 Bf8 13.Bxf8 Kxf8 14.Ne3 Kg7 15.Qc2 Re8 16.e5 dxe5
17.Qxc5 Nf6 18.Rd1 a5 19.Bb5 Bd7 20.Be2 Na6 21.Bxa6 Rxa6 22.O-O Qb8 23.d6 Bb5
24.Nxe5 Bxf1 25.d7 Rxe5 26.d8=Q Qxd8 27.Qxe5 Bd3 28.Qg3 Rc6 29.h3 Kh8 30.Qe5 Re6
31.Qc5 Rd6 32.Qe5 Kg8 33.b3 Rd7 34.Qc5 Bf5 35.Rxd7 Nxd7  0-1

[Event "Politiken Cup"]
[Site "Helsingor DEN"]
[Date "2008.07.27"]
[Round "10"]
[White "Rosenkilde,A"]
[Black "Skovgaard,Pe2"]
[Result "1/2-1/2"]
[WhiteElo "2156"]
[BlackElo "2255"]

1.d4 Nf6 2.c4 e6 3.Nf3 c5 4.d5 exd5 5.cxd5 d6 6.Nc3 g6 7.g3 Bg7 8.Bg2 O-O
9.O-O Re8 10.Nd2 a6 11.a4 Nbd7 12.Nc4 Nb6 13.Na3 Bd7 14.e4 Nxa4 15.Nxa4 b5
16.Nxc5 dxc5 17.Re1 b4 18.Nc2 Bb5 19.e5 Nd7 20.f4 Nf8 21.Be3 Rc8 22.Bf2 f6
23.e6 f5 24.b3 Qd6 25.Ne3 h5 26.Rc1 Nh7 27.Qc2 Nf6 28.h3 Re7 29.Nc4 Bxc4
30.Qxc4 Ne8 31.Kh2 Bc3 32.Rxc3 bxc3 33.Qxc3 Rec7 34.Be3 c4 35.b4 Rb8 36.Bc5 Rxc5
37.bxc5 Qxc5 38.Rc1 Rc8 39.Rb1 Qe7 40.Rb6 a5 41.Qe5 Qc5 42.Ra6 Qb5 43.d6 Qxa6
44.d7 Rd8 45.Bd5 Kh7 46.dxe8=Q Rxe8 47.Qc7+ Kh6 48.Qf7 Qb5 49.e7 Qb2+ 50.Bg2 Qh8
51.Bc6 Qb2+ 52.Bg2 Rxe7 53.Qxe7 a4 54.Qg5+ Kh7 55.Qe7+ Qg7 56.Qb4 Qc7 57.Qxa4 h4
58.Qc6 hxg3+ 59.Kxg3 Qf7 60.Bd5 Qe7 61.Qxc4 g5 62.fxg5 Qxg5+ 63.Kh2 Qd2+
64.Bg2 Qd6+ 65.Kh1 Qd1+ 66.Bf1 Qf3+ 67.Kh2 Qf2+ 68.Bg2 f4 69.Qc7+ Kg8 70.Qb8+ Kg7
71.Qb7+ Kf6 72.Qc6+  1/2-1/2

[Event "1st Open"]
[Site "Paleochora GRE"]
[Date "2008.07.28"]
[Round "9"]
[White "Iskusnyh,S"]
[Black "Prathamesh,S"]
[Result "0-1"]
[WhiteElo "2499"]
[BlackElo "2358"]

1.d4 Nf6 2.c4 e6 3.Nf3 c5 4.d5 exd5 5.cxd5 d6 6.Nc3 g6 7.h3 Bg7 8.e4 O-O
9.Bd3 a6 10.a4 Nbd7 11.O-O Qe7 12.Bf4 Nh5 13.Bh2 Bh6 14.Re1 f6 15.Be2 Nf4
16.Bf1 Ne5 17.Kh1 Bd7 18.Ng1 g5 19.g3 Nfg6 20.g4 Rfb8 21.Nf3 Qe8 22.Nxe5 fxe5
23.Qb3 Bf8 24.a5 Be7 25.Ra3 Bd8 26.Rea1 b6 27.axb6 Rxb6 28.Qc2 a5 29.b3 Rb4
30.Bg3 Qf7 31.Nb1 h5 32.Qe2 h4 33.Bh2 Bb5 34.Qe1 Bxf1 35.Qxf1 Rxe4 36.Nc3 Qf3+
37.Qg2 Qxg2+ 38.Kxg2 Rb4 39.Na2 Rd4 40.Nc3 Rd3  0-1

[Event "Dutch Open"]
[Site "Dieren NED"]
[Date "2008.07.30"]
[Round "8"]
[White "De Saegher,C"]
[Black "Zelbel,P"]
[Result "0-1"]
[WhiteElo "2185"]
[BlackElo "2286"]

1.d4 Nf6 2.Nf3 e6 3.c4 c5 4.d5 exd5 5.cxd5 d6 6.Nc3 g6 7.e4 Bg7 8.h3 a6 9.a4 Nbd7
10.Bd3 Nh5 11.Bg5 Bf6 12.Be3 Ne5 13.Be2 Nxf3+ 14.Bxf3 Ng7 15.O-O Be5 16.Qd2 O-O
17.Be2 f5 18.Bg5 Qa5 19.f4 Bd4+ 20.Kh2 Re8 21.exf5 Nxf5 22.Bd3 Be3 23.Qd1 Qb4
24.Ra3 c4 25.Ne4 Bd4 26.Bb1 Qxb2 27.Ra2 Qb6 28.Re2 Rf8 29.g4 Ne3 30.Rxe3 Bxe3
31.Kg3 Bd4 32.Rf3 Bg7 33.a5 Qc7 34.f5 gxf5 35.gxf5 Bxf5 36.Nf6+ Bxf6 37.Rxf5 Qg7
38.Qh5 Be5+ 39.Kg2 Rxf5 40.Bxf5 Bf6 41.h4 Bxg5  0-1

[Event "8th United Insurance"]
[Site "Dhaka BAN"]
[Date "2008.08.05"]
[Round "9"]
[White "Bitan,B"]
[Black "Chatterjee,D"]
[Result "1-0"]
[WhiteElo "2281"]
[BlackElo "2231"]

1.d4 Nf6 2.c4 c5 3.d5 e6 4.Nc3 exd5 5.cxd5 d6 6.Nf3 g6 7.Bf4 Bg7 8.Qa4+ Bd7
9.Qb3 Qc7 10.e4 O-O 11.Nd2 Nh5 12.Be3 f5 13.exf5 gxf5 14.Be2 f4 15.Bxc5 Na6
16.Ba3 f3 17.Bxf3 Rae8+ 18.Nce4 Nf4 19.O-O Be5 20.Nc4  1-0

[Event "Timisoara Cup GM"]
[Site "Timisoara ROM"]
[Date "2008.08.06"]
[Round "6"]
[White "Ilincic,Z"]
[Black "Ardeleanu,A"]
[Result "1/2-1/2"]
[WhiteElo "2519"]
[BlackElo "2407"]

1.d4 Nf6 2.c4 e6 3.Nf3 c5 4.d5 exd5 5.cxd5 d6 6.Nc3 g6 7.g3 Bg7 8.Bg2 O-O
9.O-O Re8 10.Nd2 a6 11.a4 Nbd7 12.a5 b5 13.axb6 Nxb6 14.Qc2 Bd7 15.Rd1 Bb5
16.Ndb1 Ng4 17.h3 Ne5 18.g4 Rb8 19.Ne4 Qe7 20.Nbc3 Nbd7 21.b3 Nf6 22.Ng3 Nexg4
23.hxg4 Nxg4 24.Ra2 Qh4 25.Nxb5 axb5 26.e4 Be5 27.Nf1 f5 28.f3 Bh2+ 29.Nxh2 Qxh2+
30.Kf1 fxe4 31.fxg4 Rf8+ 32.Qf2 Qg3 33.Re1 Rxf2+ 34.Rxf2 Rf8 35.Rxf8+ Kxf8
36.Rxe4 Qd3+ 37.Re2 Qd1+ 38.Re1 Qxg4 39.Kg1 g5 40.Bb2 Qg3 41.Rf1+ Ke8 42.Rf3 Qe1+
43.Kh2 g4 44.Rf6 Qd2 45.Re6+ Kd7 46.Bg7 h5 47.Bh6 Qf2 48.Be3 Qh4+ 49.Kg1 Qg3
50.Bf2 Qxb3 51.Kh2 Qc2 52.Bg3 b4 53.Rxd6+ Ke7 54.Re6+ Kf7 55.Re5 Kf6 56.Rxh5 b3
57.d6 Ke6 58.Re5+ Kf6 59.Re4 Qd2 60.Bf4 Qd3 61.Re3 Qh7+ 62.Kg3 b2 63.Be5+ Kg5
64.Bf4+ Kf6 65.d7 Qxd7 66.Be5+ Kf5 67.Bxb2 Qd6+ 68.Re5+ Qxe5+ 69.Bxe5 Kxe5
70.Kxg4  1/2-1/2

[Event "Najdorf Memorial Open"]
[Site "Warsaw POL"]
[Date "2008.08.08"]
[Round "7"]
[White "Fistek,D"]
[Black "Wickstrom,L"]
[Result "1/2-1/2"]
[WhiteElo "2208"]
[BlackElo "2139"]

1.d4 Nf6 2.c4 e6 3.Nf3 c5 4.d5 exd5 5.cxd5 d6 6.Nc3 g6 7.g3 Bg7 8.Bg2 O-O
9.O-O a6 10.a4 Re8 11.Nd2 Nbd7 12.h3 Rb8 13.Nc4 Ne5 14.Na3 Nh5 15.e4 Bd7
16.g4 Nf6 17.f4 Nexg4 18.hxg4 Nxg4 19.Qe1 b5 20.axb5 axb5 21.Nc2 b4 22.Nd1 f5
23.Nde3 Nf6 24.exf5 Bxf5 25.Qh4 Be4 26.Ne1 Ra8 27.Rxa8 Qxa8 28.Bxe4 Rxe4
29.Qg5 Qe8 30.N1g2 h6 31.Qg3 Nh5 32.Qh3 Bd4 33.Kh1 Kh7 34.f5 Be5 35.Rf3 g5
36.Ng4 Rc4 37.Be3 Bxb2 38.f6 Qf7 39.Rf5 Bc1 40.Kh2 Rc3 41.Qf3 Bxe3 42.N4xe3 Kg8
43.Qf1 Nf4 44.Nxf4 Rxe3 45.Ng2 Qh5+ 46.Kg1 Rh3 47.f7+ Kf8 48.Qb5 Qd1+ 49.Rf1 Qd4+
50.Rf2 Qd1+ 51.Rf1 Qd4+ 52.Rf2 Qd1+  1/2-1/2

[Event "12th HZ Open"]
[Site "Vlissingen NED"]
[Date "2008.08.09"]
[Round "9"]
[White "Sriram,J"]
[Black "Carlstedt,J"]
[Result "1-0"]
[WhiteElo "2429"]
[BlackElo "2203"]

1.d4 Nf6 2.c4 c5 3.d5 e6 4.Nc3 exd5 5.cxd5 d6 6.Nf3 g6 7.Nd2 a6 8.a4 Nbd7
9.Nc4 Nb6 10.Na3 Bd7 11.Bf4 Qc7 12.Qd3 Be7 13.b3 O-O 14.e4 Rab8 15.Be2 Nc8
16.O-O Re8 17.Bg3 Bf8 18.Rac1 Na7 19.f4 b5 20.e5 Bf5 21.Qd1 Ne4 22.Nxe4 Bxe4
23.Bf3 Bf5 24.Nc2 bxa4 25.bxa4 Rb3 26.Be2 Qb6 27.Rf3 dxe5 28.a5 Qb7 29.Bxa6 Qxa6
30.Rxb3 c4 31.Rb2 c3 32.Rb3 Qc4 33.Ne3 c2 34.Nxc4 cxd1=Q+ 35.Rxd1 Bc2 36.Rbb1 exf4
37.Bf2 Nb5 38.Re1 Rb8 39.a6 Bxb1 40.Rxb1 Rc8 41.Rxb5 Rxc4 42.h4 Rc1+ 43.Kh2 Rc8
44.Rb6 Ra8 45.Rc6 Be7 46.d6 Bf6 47.d7 Kg7 48.a7  1-0

[Event "Najdorf Memorial Open"]
[Site "Warsaw POL"]
[Date "2008.08.09"]
[Round "8"]
[White "Skwarczylo,M"]
[Black "Leszner,L"]
[Result "0-1"]
[WhiteElo "2024"]
[BlackElo "2140"]

1.d4 Nf6 2.Nf3 c5 3.d5 e6 4.c4 exd5 5.cxd5 d6 6.Nc3 g6 7.g3 Bg7 8.Bg2 a6
9.a4 O-O 10.O-O Re8 11.h3 b6 12.Nd2 Nbd7 13.Nc4 Ne5 14.Na3 Nh5 15.Kh2 Bd7
16.f4 b5 17.fxe5 Bxe5 18.Ne4 f5 19.Bg5 Qc8 20.Nf2 Nxg3 21.Kg1 Nxe2+ 22.Kh1 Ng3+
23.Kg1 Nxf1 24.Bxf1 Bxb2 25.Ra2 Bd4 26.Nc2 Bg7 27.Qd2 b4 28.Bc4  0-1

[Event "Petrovskaya Ladya GM2"]
[Site "Peterhof RUS"]
[Date "2008.08.15"]
[Round "5"]
[White "Terekhov,A"]
[Black "Rozum,I"]
[Result "0-1"]
[WhiteElo "2342"]
[BlackElo "2444"]

1.d4 Nf6 2.c4 e6 3.Nf3 c5 4.d5 exd5 5.cxd5 d6 6.Nc3 g6 7.g3 Bg7 8.Bg2 O-O
9.O-O Na6 10.Nd2 Nc7 11.Nc4 Nh5 12.a4 b6 13.e4 Ba6 14.Qd3 Bxc4 15.Qxc4 Nf6
16.Bd2 a6 17.Rfe1 Ng4 18.Qe2 Qd7 19.h3 Nf6 20.f4 b5 21.e5 Rae8 22.Qf3 dxe5
23.fxe5 Nfxd5 24.Nxd5 Qxd5 25.Qxd5 Nxd5 26.Bxd5 Rd8 27.Bxf7+ Rxf7 28.Bf4 Rf5
29.axb5 axb5 30.h4 h6 31.Rad1 Re8 32.Kg2 g5 33.hxg5 hxg5 34.Bd2 Rfxe5 35.Rxe5 Bxe5
36.Bc3 Bxc3 37.bxc3 Re4 38.Rd8+ Kf7 39.Rb8 Ke6 40.Rxb5 Kd5 41.Ra5 g4 42.Kf2 Kc4
43.Ra3 Kd3 44.Rb3 c4 45.Ra3 Kc2  0-1

[Event "5th DA Tan Malaysian Open"]
[Site "Kuala Lumpur MAS"]
[Date "2008.08.19"]
[Round "4"]
[White "Pereira,Joh"]
[Black "Sano,T"]
[Result "0-1"]
[WhiteElo "1942"]
[BlackElo "2102"]

1.d4 Nf6 2.c4 e6 3.Nf3 c5 4.d5 exd5 5.cxd5 d6 6.Nc3 g6 7.g3 Bg7 8.Bg2 O-O
9.O-O a6 10.a4 Nbd7 11.Nd2 Re8 12.h3 Rb8 13.Nc4 Nb6 14.Na3 Bd7 15.a5 Nc8
16.Nc4 Bb5 17.Qb3 Bxc4 18.Qxc4 Na7 19.Bg5 h6 20.Bd2 Qd7 21.e3 Nb5 22.Rfe1 Nh7
23.Bf1 Ng5 24.Be2 Nxc3 25.Bxc3 Re4 26.Qd3 Qxh3 27.Qd1 Rbe8 28.Bf1 Qf5 29.Bg2 Nh3+
30.Bxh3 Qxh3 31.Qf3 h5 32.Qg2 Qf5 33.Rad1 h4 34.Bd2 hxg3 35.f3 R4e7 36.Qxg3 Be5
37.Qg2 Bxb2 38.Rb1 Bg7 39.Rb6 Qxd5 40.Kf1 c4 41.e4 Qd3+ 42.Qe2 Qxe2+ 43.Rxe2 c3
44.Bg5 Re5 45.Bf4 Rxa5 46.Rxb7 Rc8 47.Rc2 Be5 48.Bc1 Ra1 49.Ke2 Ra4 50.Bb2 a5
51.Bc1 Rb4 52.Ra7 a4 53.Kd3 Rd4+ 54.Ke2 Rdc4 55.Kd3 Rb4 56.Ra2 Rd4+ 57.Kc2 d5
58.R7xa4 dxe4 59.Rxd4 Bxd4 60.fxe4 Kg7 61.Kd3 Be5 62.Bg5 f6 63.Ra7+ Rc7 64.Be3 Rxa7
65.Bxa7 Kh6 66.Bb6 Kh5 67.Ba5 Kg4 68.Bb6 Kf3  0-1

[Event "23rd Open"]
[Site "Schwarzach AUT"]
[Date "2008.08.19"]
[Round "4"]
[White "Ross,C"]
[Black "Baldauf,Marc"]
[Result "0-1"]
[WhiteElo "2159"]
[BlackElo "2313"]

1.d4 Nf6 2.Nf3 e6 3.c4 c5 4.d5 exd5 5.cxd5 d6 6.Nc3 g6 7.h3 Bg7 8.e4 O-O
9.Bd3 Nbd7 10.O-O Nh5 11.Re1 Ne5 12.Be2 Nxf3+ 13.Bxf3 Qh4 14.Bxh5 gxh5 15.Qd2 Be5
16.Qg5+ Qxg5 17.Bxg5 Bd7 18.Rab1 b5 19.Ne2 f5 20.f4 Bg7 21.Be7 Rfe8 22.Bxd6 Rxe4
23.Bxc5 Rae8 24.Kf2 Bf6 25.b3 Kf7 26.Rbd1 b4 27.Bd4 Bb5 28.Be5 Bxe5 29.fxe5 R8xe5
30.Rd2 Ke7 31.Nd4 Rxe1 32.Nxb5 Rc1 33.Nxa7 Kd6 34.Nb5+ Kd7 35.a4 h4 36.d6 f4
37.Kf3 Re3+ 38.Kxf4 Rxb3 39.Re2 Rf1+ 40.Kg4 Rf7 41.Rc2 Rd3 42.Rc7+ Ke6 43.Rc1 b3
44.Rb1 Kd7 45.Rb2 Rf8 46.Re2 Re8 47.Rf2 Re4+  0-1

[Event "Open A"]
[Site "Vladimir RUS"]
[Date "2008.08.19"]
[Round "7"]
[White "Kovalenko,I"]
[Black "Derbenev,A"]
[Result "1-0"]
[WhiteElo "2415"]
[BlackElo "2302"]

1.d4 Nf6 2.c4 c5 3.d5 e6 4.Nc3 exd5 5.cxd5 d6 6.Nf3 g6 7.Bf4 a6 8.e4 Qe7
9.Qe2 Bg4 10.e5 Nh5 11.Bd2 Bxf3 12.gxf3 dxe5 13.O-O-O Bg7 14.d6 Qe6 15.Bg5 O-O
16.Qe4 Nc6 17.Bc4 Qh3 18.Nd5 Nd4 19.Be7 b5 20.Qg4 Qxg4 21.fxg4 Rfb8 22.Bd3 Bh6+
23.Kb1 Nf4 24.Nxf4 Bxf4 25.d7 Rd8 26.Bxd8 Rxd8 27.h4 Rxd7 28.Rh3 c4 29.Bf1 f5
30.gxf5 gxf5 31.b3 cxb3 32.axb3 Rc7 33.Kb2 Rc2+ 34.Kb1 Rxf2 35.Rc3 Kf7 36.Bh3 Kf6
37.b4 Bd2 38.Ra3 Bxb4 39.Rxa6+ Ke7 40.Rg1 Bc3 41.Rg7+ Kf8 42.Rga7 Rb2+ 43.Kc1 Nb3+
44.Kd1 Rd2+ 45.Ke1 Rd7+ 46.Kf1 Rxa7 47.Rxa7 Nd4 48.Rxh7 e4 49.Rd7 f4 50.Bg4 b4
51.Bd1 f3 52.Kf2 Nf5 53.Bxf3 exf3 54.Kxf3 b3 55.Rb7 b2 56.Ke2 Nd6 57.Rb8+ Ke7
58.Kd3 Bf6 59.Rb4 Nf5 60.h5 Bh8 61.Kc2 Ne3+ 62.Kb1 Nd1 63.Rb7+ Ke6 64.h6  1-0

[Event "Jessie Gilbert Celebration Int"]
[Site "Coulsdon ENG"]
[Date "2008.08.22"]
[Round "7"]
[White "Arkell,K"]
[Black "Roberson,P"]
[Result "1-0"]
[WhiteElo "2506"]
[BlackElo "2214"]

1.d4 Nf6 2.Nf3 e6 3.c4 c5 4.d5 d6 5.Nc3 exd5 6.cxd5 g6 7.g3 Bg7 8.Bg2 O-O
9.O-O a6 10.a4 Nbd7 11.Nd2 Nh5 12.Nc4 Ne5 13.Nxe5 Bxe5 14.Bh6 Bg7 15.Bxg7 Nxg7
16.Rb1 Qa5 17.Qd2 Qb4 18.Qf4 Qxf4 19.gxf4 Nh5 20.e3 Bf5 21.Be4 Bh3 22.Rfe1 Nf6
23.Bg2 Bxg2 24.Kxg2 Rfe8 25.e4 Nd7 26.b4 Rac8 27.bxc5 Nxc5 28.Re3 f6 29.Rb6 Rcd8
30.a5 Re7 31.f3 Kf7 32.h4 Kg7 33.Kf1 Kf7 34.Ke2 Kg7 35.Kd2 Kf7 36.Re2 Kg7
37.Re3 Kf7 38.Kc2 Rc7 39.Kb2 Re7 40.Ka3 Rc7 41.Na4 Nxa4 42.Kxa4 Rdd7 43.Reb3 Ke7
44.Ka3 Kd8 45.Kb2 Kc8 46.Rc3 h6 47.Rc2 g5 48.fxg5 fxg5 49.hxg5 hxg5 50.Rb3 Rxc2+
51.Kxc2 Rh7 52.Kd3 Rh1 53.Ra3 Kd7 54.Ra2 Rh3 55.Ke3 g4 56.Kf4 Rxf3+ 57.Kxg4 Rf7
58.Rc2 Rf1 59.Rh2 Rf7 60.Kg5 Rf1 61.Rh7+ Kc8 62.Re7 Rf2 63.Rh7 Rf1 64.Kg6 Rf4
65.Re7 Rf1 66.Rf7 Re1 67.Kf5 Kb8 68.Re7 Re2 69.Rd7 Rf2+ 70.Ke6 Re2 71.Kf5 Rf2+
72.Kg5 Re2 73.Kf4 Rf2+ 74.Ke3 Rf6 75.Kd4 Rh6 76.Re7 Rh1 77.Rd7 Rh6 78.Ke3 Rf6
79.e5 dxe5 80.Ke4 Rh6 81.d6 Kc8 82.Rc7+ Kd8 83.Kd5 e4 84.Rxb7 e3 85.Kc6 Kc8
86.Ra7 Kb8 87.Rb7+ Kc8 88.Ra7 Kb8 89.Re7 Rh1 90.Re8+ Ka7 91.Rxe3 Rc1+ 92.Kd7 Ra1
93.Ke7  1-0

[Event "5th DA Tan Malaysian Open"]
[Site "Kuala Lumpur MAS"]
[Date "2008.08.22"]
[Round "8"]
[White "Nanjo,R"]
[Black "Li Ruofan"]
[Result "1/2-1/2"]
[WhiteElo "2184"]
[BlackElo "2425"]

1.d4 e6 2.c4 Nf6 3.Nf3 c5 4.d5 exd5 5.cxd5 d6 6.Nc3 g6 7.Bf4 Bg7 8.Qa4+ Bd7
9.Qb3 Qc7 10.e4 O-O 11.e5 dxe5 12.Bxe5 Qb6 13.Qxb6 axb6 14.Bc4 b5 15.Nxb5 Nxd5
16.Bxd5 Bxb5 17.O-O-O Bh6+ 18.Kb1 Nc6 19.Bc3 Bg7 20.Bxg7 Kxg7 21.a3 Rfe8
22.Rhe1 Rxe1 23.Rxe1 Rd8 24.Bb3 Kf6 25.Kc1 h6 26.Re4 g5 27.h4 Bf1 28.hxg5+ hxg5
29.Rg4 Be2 30.Rg3 Nd4 31.Nxd4 Rxd4 32.Re3 Bh5 33.g3 Bg4 34.Bc2 b6 35.Bd3 Be6
36.Kc2 Rd8 37.Kc3 Rh8 38.Bc4 Bg4 39.Re4 Bf3 40.Re3 Bg4 41.Re4  1/2-1/2

[Event "8th Open"]
[Site "Velika Gorica CRO"]
[Date "2008.08.23"]
[Round "1"]
[White "Majer,I"]
[Black "Djurovic,G"]
[Result "0-1"]
[WhiteElo "1955"]
[BlackElo "2197"]

1.d4 Nf6 2.c4 e6 3.Nf3 c5 4.d5 d6 5.Nc3 exd5 6.cxd5 a6 7.e4 Bg4 8.Be2 Bxf3
9.Bxf3 Nbd7 10.Bf4 Qe7 11.O-O g6 12.Re1 Ne5 13.Bg3 Bg7 14.Be2 O-O 15.f4 Ned7
16.Bf3 Ne8 17.Qe2 f6 18.Bg4 Nc7 19.a4 Rfe8 20.Qd3 Rab8 21.Re2 Kh8 22.h4 b6
23.Kh2 Rb7 24.Rf1 b5 25.h5 c4 26.Qc2 g5 27.Bxd7 Qxd7 28.fxg5 fxg5 29.Rf5 h6
30.Ref2 Re7 31.axb5 axb5 32.Na2 Na6 33.Rf6 Qg4 34.Rxd6 Qxh5+ 35.Kg1 Nc5 36.Rd8+ Re8
37.Rxe8+ Qxe8 38.e5 Nd3 39.Re2 Qd7 40.e6 Qxd5 41.Nc3 Qc5+ 42.Kh1 Re7 43.Ne4 Qd5
44.Nc3 Qc6 45.Qd2 b4  0-1

[Event "X Sants Open"]
[Site "Barcelona ESP"]
[Date "2008.08.24"]
[Round "3"]
[White "Narciso Dublan,M"]
[Black "Lorenzo de la Riva,L"]
[Result "0-1"]
[WhiteElo "2525"]
[BlackElo "2367"]

1.d4 Nf6 2.c4 e6 3.Nc3 c5 4.d5 exd5 5.cxd5 d6 6.Nf3 g6 7.Nd2 Nbd7 8.e4 Bg7
9.Be2 O-O 10.O-O Re8 11.a4 a6 12.f4 Rb8 13.Qc2 Qe7 14.Kh1 b5 15.axb5 axb5
16.Nxb5 Nxd5 17.exd5 Qxe2 18.Nxd6 Bb7 19.Nxb7 Rxb7 20.Rb1 Nf6 21.Qc4 Rd7
22.Qxe2 Rxe2 23.Nc4 Nxd5 24.h3 Bd4 25.Bd2 Rde7 26.Be1 Rc2 27.Na3 Rxb2 28.Bh4 Ree2
29.Rxb2 Bxb2 30.Nc4 Ne3 31.Nxe3 Rxe3 32.Bf2 Rc3 33.Rb1 Ba3 34.Rb8+ Kg7 35.Rc8 Kf6
36.Rc7 Ke6 37.g3 c4 38.Kg2 Bd6 39.Rb7 Rb3 40.Ra7 Rb2 41.Ra5 c3  0-1

[Event "TCh-MNE Premier"]
[Site "Herceg Novi MNE"]
[Date "2008.08.25"]
[Round "1"]
[White "Drasko,M"]
[Black "Mihajlovic,V"]
[Result "1-0"]
[WhiteElo "2508"]
[BlackElo "2366"]

1.d4 Nf6 2.c4 c5 3.d5 e6 4.Nc3 exd5 5.cxd5 d6 6.Nf3 g6 7.g3 Bg7 8.Bg2 O-O
9.O-O a6 10.a4 Nbd7 11.Bf4 Qe7 12.h3 Re8 13.e4 Qf8 14.Re1 Nh5 15.Bd2 Ne5
16.g4 Nxf3+ 17.Qxf3 Nf6 18.Qg3 Nd7 19.a5 Rb8 20.Na4 Be5 21.f4 Bd4+ 22.Be3 Qg7
23.e5 g5 24.Bxd4 gxf4 25.Qxf4 cxd4 26.exd6 Rf8 27.Re7 h5 28.g5 b5 29.axb6 Nxb6
30.Nxb6 Rxb6 31.d7 Bxd7 32.Rxd7 Rxb2 33.Rd1 Rc8 34.Bf3 Qg6 35.Be4 Qg7 36.g6 Rf8
37.Kh1 d3 38.Rxf7 Rxf7 39.gxf7+ Qxf7 40.Rg1+ Kf8  1-0

[Event "Leicester Group A"]
[Site "Littlethorpe ENG"]
[Date "2008.08.25"]
[Round "5"]
[White "Gibson,Ch"]
[Black "Compton,A"]
[Result "0-1"]
[WhiteElo "2003"]
[BlackElo "2136"]

1.d4 e6 2.c4 c5 3.d5 exd5 4.cxd5 d6 5.Nc3 Nf6 6.Nf3 a6 7.a4 g6 8.Nd2 Nbd7
9.e4 Bg7 10.Nc4 Nb6 11.Ne3 O-O 12.Bd3 Re8 13.O-O Bd7 14.f4 Rb8 15.Kh1 Nc8
16.g4 b5 17.g5 Nh5 18.Be2 b4 19.Nb1 Rxe4 20.Bxh5 gxh5 21.Qxh5 Nb6 22.f5 Nxd5
23.Nxd5 Bc6 24.f6 Bxd5 25.Kg1 Qd7 26.h3 Bf8 27.Bf4 Rbe8 28.Nd2 Re2 29.Rf2 Rxf2
30.Kxf2 Qf5 31.Qg4 Qd3 32.h4 Qd4+ 33.Kf1 Be6 34.Qg3 Bf5  0-1

[Event "X Sants Open"]
[Site "Barcelona ESP"]
[Date "2008.08.26"]
[Round "5"]
[White "Oms Pallisse,J"]
[Black "Lammers,M"]
[Result "1/2-1/2"]
[WhiteElo "2514"]
[BlackElo "2355"]

1.d4 Nf6 2.c4 c5 3.d5 e6 4.Nc3 exd5 5.cxd5 d6 6.Nf3 g6 7.Nd2 a6 8.a4 Nbd7
9.e4 Bg7 10.Nc4 Nb6 11.Ne3 Bd7 12.Bd3 O-O 13.O-O Re8 14.Re1 Qc7 15.Bd2 c4
16.Bc2 Rac8 17.a5 Na8 18.Qb1 Bb5 19.Ne2 Qe7 20.Ng3 Nd7 21.Bc3 Be5 22.Ne2 Nc5
23.f4 Bxc3 24.Nxc3 Qf6 25.g3 Qd4 26.Qd1 Nd3 27.Bxd3 cxd3 28.Qd2 b6 29.Qf2 bxa5
30.Ng4 Qxf2+ 31.Kxf2 Kg7 32.e5 Nb6 33.Rxa5 Rxc3 34.bxc3 Nxd5 35.Nf6 Nxf6
36.exf6+ Kxf6 37.Rxe8 d2 38.Ra1 Bxe8 39.Ke3 Bb5 40.Kxd2 Ke6 41.g4 h5 42.gxh5 gxh5
43.Rg1 f6 44.Rg8 Kf5 45.Ke3 Bc4 46.Rh8 Kg6 47.Kf2 d5 48.Kg3 Bb3 49.Kf2 Bc4
50.Ke3 Bb3 51.Ra8 Bc4 52.Rh8 Bb3 53.Rb8 Bc4 54.Rb1 Kf5 55.h3 Bb5 56.Ra1 Bc4
57.Rg1 Bb3 58.Rb1 Bc4 59.Rb8 Ba2 60.Rh8 Kg6 61.h4 Bb3 62.f5+ Kxf5 63.Rxh5+ Kg4
64.Rh8 a5 65.Rg8+ Kxh4 66.Kf4 Kh3 67.Kf5 a4 68.Kxf6 a3 69.Ke5 a2 70.Rg1 Kh2
71.Ra1 Kg2 72.Kd4 Kf2 73.Kd3 Kf3 74.Rf1+ Kg2 75.Ra1 Kf2 76.Kd2 Kf3 77.Re1 Kf2
78.Ra1 Kf3 79.Kc1 Ke2 80.Kb2 Bc4 81.Rh1 Kd2 82.Rh3 Ke2 83.Rh4 Ke3 84.Rh3+  1/2-1/2